| 000 | 00970nam0a22002531 4500 | ||
|---|---|---|---|
| 001 | rc\3009774 | ||
| 005 | 20250814111511.2 | ||
| 035 | _a(NLR Aleph) 007152370 | ||
| 090 |
_a7165025 _c7165025 |
||
| 100 | _a20110923d1945 |||y0rusy50 ca | ||
| 101 | 0 | _arus | |
| 102 | _aRU | ||
| 105 | _aac z ||||| | ||
| 200 | 1 |
_aСокровища болот _eОчерки о торфе _fН.Г. Шкляр |
|
| 210 |
_aМосква _aЛенинград _cизд-во и тип. Госэнергоиздата _d1945 _eМосква |
||
| 215 |
_a183 с. _cил., портр. _d22 см |
||
| 700 | 1 |
_aШкляр _bН. Г. _f1878-1952 _gНиколай Григорьевич |
|
| 801 | 0 |
_aRU _bNLR _gpsbo |
|
| 801 | 1 |
_aRU _bELAR _2rusmarc |
|
| 852 |
_aNLR _jЭк40 Г-5/30 |
||
| 942 | _cBOOK | ||
| 945 |
_aРоссийская национальная библиотека _aЦентральная городская библиотека Нижнего Новгорода |
||
| 980 | _aNB | ||
| 980 | _aBV | ||